| 000 | 01040nam a22002897a 4500 | ||
|---|---|---|---|
| 001 | 5398 | ||
| 003 | FISKH | ||
| 005 | 20250815125912.0 | ||
| 008 | 241203b cb ||||| |||| 00| 0 eng d | ||
| 020 | _a9780545136716 | ||
| 040 |
_aFISKH _beng _cFISKH _dFISKH |
||
| 050 | _aS417.C3 | ||
| 082 | _a630.92 | ||
| 100 | _aBolden, Tonya | ||
| 245 |
_aGeorge Washington Carver / _cby Tonya Bolden |
||
| 250 | _aFirst Scholastic printing, January 2009 | ||
| 260 |
_aNew York : _bScholastic ; _c2008. |
||
| 300 |
_a41 pages : _bcolor illustrations ; _c24 cm . |
||
| 505 | _aZ | ||
| 520 | _aIllustrated with historical artifacts and photographs, a fresh look at a pioneering American innovator traces Carver's life, discoveries, and legacy as the first African-American to attend Iowa State College and as an inspirational conservationist. | ||
| 521 | 8 |
_a910
_bLexile |
|
| 521 | 8 |
_aZ
_bRaz-Plus |
|
| 650 |
_ainventors _vNon-fiction |
||
| 650 |
_aGeorge Washington Carver _vNon-fiction |
||
| 942 |
_2ddc _cBK _n0 |
||
| 999 |
_c5398 _d5398 |
||